[Event "Olympiad-44"]
[Site "Chennai"]
[Date "2022.07.29"]
[Round "1.1"]
[White "Vocaturo, Daniele"]
[Black "Gajadin, Dewperkash"]
[Result "1-0"]
[WhiteElo "2616"]
[BlackElo "1990"]
[PlyCount "55"]
[EventDate "2022.07.29"]
[EventType "team-swiss"]
[EventRounds "11"]
[EventCountry "IND"]
[SourceTitle "CBM 210"]
[Source "ChessBase"]
[SourceDate "2022.10.31"]
[SourceVersion "1"]
[SourceVersionDate "2022.10.31"]
[SourceQuality "1"]
[WhiteTeam "Italy"]
[BlackTeam "Surinam"]
[WhiteTeamCountry "ITA"]
[BlackTeamCountry "SUR"]

1. e4 e5 2. Nf3 Nc6 3. Bc4 Nf6 4. d3 Be7 5. 0-0 0-0 6. Nc3 d6 7. a4 Be6 8. Nd5 Bxd5 9. exd5 Nb4 10. d4 e4 11. Nd2 Qd7 12. c3 Nbxd5 13. Nxe4 Rae8 14. Ng3 Nb6 15. Bd3 d5 16. Nf5 Bd8 17. Qf3 Ne4 18. a5 g6 19. Nh6+ Kg7 20. axb6 f5 21. bxa7 Bg5 22. Bxg5 Nxg5 23. Qg3 Ne4 24. Bxe4 dxe4 25. Qg5 Ra8 26. Ra5 b6 27. Re5 Rf6 28. Re7+ 1-0

[Event "Olympiad-43"]
[Site "Batumi"]
[Date "2018.10.05"]
[Round "11.2"]
[White "Calicoca, Wilton Inacio"]
[Black "Gajadin, Dewperkash"]
[Result "1-0"]
[WhiteElo "2135"]
[BlackElo "2010"]
[PlyCount "87"]
[EventDate "2018.09.24"]
[EventType "team-swiss"]
[EventRounds "11"]
[EventCountry "GEO"]
[SourceTitle "CBM 187"]
[Source "ChessBase"]
[SourceDate "2018.12.11"]
[SourceVersion "1"]
[SourceVersionDate "2018.12.11"]
[SourceQuality "1"]
[WhiteTeam "Mozambique"]
[BlackTeam "Surinam"]
[WhiteTeamCountry "MOZ"]
[BlackTeamCountry "SUR"]

1. e4 e5 2. Nf3 Nc6 3. Bb5 a6 4. Ba4 Nf6 5. d3 d6 6. c3 Be7 7. 0-0 0-0 8. Re1 Bg4 9. h3 Bh5 10. Nbd2 b5 11. Bc2 d5 12. Qe2 dxe4 13. dxe4 Nd7 14. Nf1 f6 15. a4 Na7 16. Rd1 Qc8 17. Ng3 Bf7 18. Nh4 Rd8 19. Nhf5 Bf8 20. Nh5 Nc5 21. Rxd8 Qxd8 22. Be3 Ne6 23. Qg4 Kh8 24. Nhg3 Nc6 25. Qe2 b4 26. a5 bxc3 27. bxc3 Ne7 28. Bd3 Qc8 29. Bc4 Ng6 30. Qa2 Qe8 31. Bd5 c6 32. Bc4 Nd8 33. Rb1 Bxc4 34. Qxc4 Ne6 35. Rb6 Ngf4 36. Rxa6 Rd8 37. Rxc6 Ng5 38. h4 Nge6 39. Bxf4 Nxf4 40. Ne3 Qd7 41. a6 Qd2 42. Rc8 Qe1+ 43. Nef1 Ne2+ 44. Qxe2 1-0

[Event "Olympiad-43"]
[Site "Batumi"]
[Date "2018.09.26"]
[Round "3.56"]
[White "Berend, Fred"]
[Black "Gajadin, Dewperkash"]
[Result "1-0"]
[WhiteElo "2358"]
[BlackElo "2010"]
[PlyCount "117"]
[EventDate "2018.09.24"]
[EventType "team-swiss"]
[EventRounds "11"]
[EventCountry "GEO"]
[SourceTitle "CBM 187"]
[Source "ChessBase"]
[SourceDate "2018.12.11"]
[SourceVersion "1"]
[SourceVersionDate "2018.12.11"]
[SourceQuality "1"]
[WhiteTeam "Luxembourg"]
[BlackTeam "Surinam"]
[WhiteTeamCountry "LUX"]
[BlackTeamCountry "SUR"]

1. d4 Nf6 2. c4 e5 3. dxe5 Ng4 4. e4 Nxe5 5. f4 Ng6 6. Nf3 Bb4+ 7. Nc3 0-0 8. Qc2 Re8 9. f5 Nh4 10. Kd1 d5 11. cxd5 Nxf3 12. gxf3 c6 13. Rg1 cxd5 14. Bd3 dxe4 15. fxe4 Qd4 16. Rg3 Nc6 17. Be3 Qe5 18. Ne2 Bxf5 19. Bf4 Qe7 20. exf5 Nd4 21. Qa4 b5 22. f6 Qxe2+ 23. Bxe2 bxa4 24. Rxg7+ Kh8 25. a3 Ba5 26. Rg5 Nxe2 27. Rxa5 Nxf4 28. Rxa4 Red8+ 29. Kc2 Rac8+ 30. Kb1 Nd3 31. Rxa7 Rc1+ 32. Ka2 Rc2 33. Rb1 Nc1+ 34. Ka1 Nb3+ 35. Ka2 Nd2 36. Re1 Nf3 37. Re3 Nd4 38. Rxf7 Rxh2 39. Rfe7 h5 40. Re8+ Rxe8 41. Rxe8+ Kh7 42. f7 Ne6 43. Rxe6 Kg7 44. Rf6 Kf8 45. a4 Rd2 46. a5 h4 47. a6 Rd8 48. b4 h3 49. Rh6 Kxf7 50. Rxh3 Ra8 51. b5 Ke6 52. Kb3 Kd6 53. Rc3 Kd5 54. Kb4 Kd6 55. Rc6+ Kd7 56. Rc1 Kd6 57. Ka5 Rh8 58. a7 Rh2 59. Kb6 1-0

[Event "Olympiad-43"]
[Site "Batumi"]
[Date "2018.09.24"]
[Round "1.46"]
[White "Zajic, Milan"]
[Black "Gajadin, Dewperkash"]
[Result "1-0"]
[WhiteElo "2497"]
[BlackElo "2010"]
[PlyCount "93"]
[EventDate "2018.09.24"]
[EventType "team-swiss"]
[EventRounds "11"]
[EventCountry "GEO"]
[SourceTitle "CBM 187"]
[Source "ChessBase"]
[SourceDate "2018.12.11"]
[SourceVersion "1"]
[SourceVersionDate "2018.12.11"]
[SourceQuality "1"]
[WhiteTeam "Serbia"]
[BlackTeam "Surinam"]
[WhiteTeamCountry "SRB"]
[BlackTeamCountry "SUR"]

1. e4 e5 2. Nf3 Nc6 3. Bb5 a6 4. Ba4 Nf6 5. d3 d6 6. c3 Be7 7. 0-0 0-0 8. Nbd2 b5 9. Bc2 d5 10. Re1 dxe4 11. dxe4 Bc5 12. Qe2 Be6 13. b4 Bb6 14. a4 Rb8 15. axb5 axb5 16. Bd3 Ra8 17. Rxa8 Qxa8 18. Bxb5 Ng4 19. Rf1 Nxf2 20. Rxf2 Qa1 21. Qe1 Qxc3 22. Bxc6 Qxc6 23. Nxe5 Qb5 24. Bb2 f6 25. Nef3 Qxb4 26. Qc1 Rd8 27. Kf1 Bxf2 28. Kxf2 Qb6+ 29. Kg3 h5 30. h4 Rd3 31. e5 Qb4 32. exf6 Qg4+ 33. Kf2 Bd5 34. Qxc7 Rxd2+ 35. Nxd2 Qxg2+ 36. Ke1 Qh1+ 37. Ke2 Qg2+ 38. Kd3 Qg6+ 39. Kd4 Qxf6+ 40. Qe5 Qf2+ 41. Kxd5 Qxd2+ 42. Kc6 Qc2+ 43. Kd6 Qd1+ 44. Qd5+ Qxd5+ 45. Kxd5 g5 46. hxg5 Kf7 47. Ke4 1-0

[Event "Paramaribo Srefidensi 5th"]
[Site "Paramaribo"]
[Date "2017.11.21"]
[Round "1"]
[White "Enkhtuul, Altanulzii"]
[Black "Gajadin, Dewperkash"]
[Result "1-0"]
[WhiteElo "2356"]
[BlackElo "2054"]
[PlyCount "57"]
[EventDate "2017.11.21"]
[EventType "swiss"]
[EventRounds "9"]
[EventCountry "SUR"]
[SourceTitle "CBM 181 Extra"]
[Source "ChessBase"]
[SourceDate "2017.12.12"]
[SourceVersion "1"]
[SourceVersionDate "2017.12.12"]
[SourceQuality "1"]

1. d4 Nf6 2. Nf3 e6 3. g3 b6 4. Bg2 Bb7 5. 0-0 c5 6. c4 cxd4 7. Bf4 d6 8. Na3 e5 9. Bg5 Be7 10. Qc2 0-0 11. Bxf6 Bxf6 12. Ng5 Bxg5 13. Bxb7 Nd7 14. Bxa8 Qxa8 15. Qf5 Qd8 16. Nb5 Nc5 17. Nxa7 g6 18. Qc2 f5 19. Nc6 Qc8 20. Nb4 f4 21. Kg2 e4 22. f3 fxg3 23. hxg3 d3 24. exd3 exf3+ 25. Rxf3 Rxf3 26. Kxf3 Qh3 27. Qg2 Qf5+ 28. Ke2 h5 29. Qd5+ 1-0

[Event "Paramaribo Srefidensi 4th"]
[Site "Paramaribo"]
[Date "2016.11.27"]
[Round "9"]
[White "Maduro, Sherman"]
[Black "Gajadin, Dewperkash"]
[Result "1-0"]
[WhiteElo "1993"]
[BlackElo "2031"]
[PlyCount "65"]
[EventDate "2016.11.22"]
[EventType "tourn"]
[EventRounds "9"]
[EventCountry "SUR"]
[SourceTitle "CBM 175 Extra"]
[Source "ChessBase"]
[SourceDate "2016.12.12"]
[SourceVersion "1"]
[SourceVersionDate "2016.12.12"]
[SourceQuality "1"]

1. e4 e5 2. Nf3 Nc6 3. Bc4 Nf6 4. 0-0 Be7 5. Re1 0-0 6. d3 d6 7. h3 Na5 8. Bb3 c6 9. c3 Nxb3 10. Qxb3 Qc7 11. d4 b5 12. Bg5 Be6 13. Qc2 Rfe8 14. Nbd2 Nh5 15. Bxe7 Qxe7 16. dxe5 dxe5 17. Nxe5 Bxh3 18. Ndf3 Bd7 19. Rad1 Rad8 20. Qd2 Nf6 21. Re3 Ng4 22. Nxd7 Nxe3 23. fxe3 Qxe4 24. Qd4 Qe7 25. Nfe5 Qe6 26. Qc5 f6 27. Rd6 Qxa2 28. Nxc6 Qb1+ 29. Kh2 Qg6 30. Nxd8 Rxd8 31. Nxf6+ gxf6 32. Rxd8+ Kg7 33. Qd6 1-0

[Event "Paramaribo Srefidensi 4th"]
[Site "Paramaribo"]
[Date "2016.11.26"]
[Round "7"]
[White "Gajadin, Dewperkash"]
[Black "Huschenbeth, Niclas"]
[Result "0-1"]
[WhiteElo "2031"]
[BlackElo "2548"]
[PlyCount "54"]
[EventDate "2016.11.22"]
[EventType "tourn"]
[EventRounds "9"]
[EventCountry "SUR"]
[SourceTitle "CBM 175 Extra"]
[Source "ChessBase"]
[SourceDate "2016.12.12"]
[SourceVersion "1"]
[SourceVersionDate "2016.12.12"]
[SourceQuality "1"]

1. e4 c5 2. Nf3 d6 3. d4 cxd4 4. Nxd4 Nf6 5. Nc3 a6 6. Be3 e6 7. Be2 Nbd7 8. g4 h6 9. f4 g5 10. fxg5 hxg5 11. Bxg5 Qb6 12. Bxf6 Nxf6 13. g5 Qxb2 14. Na4 Qa3 15. c3 Nxe4 16. Qc2 d5 17. Nb6 Bb4 18. Bb5+ axb5 19. Nxb5 Bxc3+ 20. Qxc3 Nxc3 21. Nxa3 Rxa3 22. Nxc8 Kd7 23. Nb6+ Kc6 24. 0-0 Kxb6 25. Rxf7 Rh5 26. Rg7 Ne4 27. Rb1+ Kc5 0-1

[Event "SUR-ch"]
[Site "Paramaribo"]
[Date "2015.04.09"]
[Round "8"]
[White "Gajadin, Dewperkash"]
[Black "Sanches, Casanova Romario"]
[Result "0-1"]
[WhiteElo "2076"]
[BlackElo "2089"]
[PlyCount "36"]
[EventDate "2015.03.20"]
[EventType "tourn"]
[EventRounds "13"]
[EventCountry "SUR"]
[SourceTitle "EXT 2018"]
[Source "ChessBase"]
[SourceDate "2017.10.13"]
[SourceVersion "1"]
[SourceVersionDate "2017.10.13"]
[SourceQuality "1"]

1. Nf3 g6 2. d4 Bg7 3. c4 d6 4. Nc3 Nf6 5. e4 0-0 6. Be2 e5 7. 0-0 Nbd7 8. Re1 c6 9. dxe5 dxe5 10. Bg5 h6 11. Bh4 Qe7 12. Nd2 Nc5 13. b4 Ne6 14. Rb1 Rd8 15. Qc1 Nf4 16. f3 Be6 17. Kf2 N4h5 18. Bf1 g5 0-1

[Event "SUR-ch"]
[Site "Paramaribo"]
[Date "2015.03.31"]
[Round "6"]
[White "Gajadin, Dewperkash"]
[Black "Tjong Tjin, Joe Calvin"]
[Result "1/2-1/2"]
[WhiteElo "2076"]
[BlackElo "2042"]
[PlyCount "37"]
[EventDate "2015.03.20"]
[EventType "tourn"]
[EventRounds "13"]
[EventCountry "SUR"]
[SourceTitle "EXT 2018"]
[Source "ChessBase"]
[SourceDate "2017.10.13"]
[SourceVersion "1"]
[SourceVersionDate "2017.10.13"]
[SourceQuality "1"]

1. e4 d6 2. d4 Nf6 3. Nc3 g6 4. f4 Bg7 5. Nf3 0-0 6. Bd3 Bg4 7. Be3 c6 8. h3 Bxf3 9. Qxf3 Qa5 10. 0-0 e5 11. dxe5 dxe5 12. f5 Nh5 13. fxg6 hxg6 14. Ne2 Nd7 15. b4 Qd8 16. Bc4 Qe7 17. Rad1 a5 18. Qg4 Ndf6 19. Qh4 1/2-1/2

[Event "SUR-ch"]
[Site "Paramaribo"]
[Date "2015.03.29"]
[Round "5"]
[White "Veer, Willem"]
[Black "Gajadin, Dewperkash"]
[Result "1/2-1/2"]
[WhiteElo "1900"]
[BlackElo "2076"]
[PlyCount "147"]
[EventDate "2015.03.20"]
[EventType "tourn"]
[EventRounds "13"]
[EventCountry "SUR"]
[SourceTitle "EXT 2018"]
[Source "ChessBase"]
[SourceDate "2017.10.13"]
[SourceVersion "1"]
[SourceVersionDate "2017.10.13"]
[SourceQuality "1"]

1. d4 Nf6 2. Nf3 e6 3. e3 b6 4. Bd3 Bb7 5. Nbd2 d5 6. Ne5 Bd6 7. f4 Nbd7 8. 0-0 Qe7 9. Qe2 0-0 10. c3 c5 11. Ndf3 Ne4 12. Nxd7 Qxd7 13. Bd2 f6 14. Rad1 Qc7 15. g3 Rae8 16. Bc1 Re7 17. Nd2 Nxd2 18. Bxd2 Rfe8 19. Qh5 f5 20. Rf2 g6 21. Qe2 c4 22. Bb1 Bc6 23. Bc2 Qd7 24. Rg2 Rg7 25. Bc1 Rc8 26. Bd2 Ba4 27. Be1 Rb8 28. Rb1 Qc6 29. Qd1 Bxc2 30. Qxc2 b5 31. a3 a5 32. Ra1 Rgb7 33. Qd1 b4 34. axb4 axb4 35. Qc1 bxc3 36. bxc3 Rb3 37. Rga2 R8b7 38. Ra6 R3b6 39. R6a2 Qb5 40. h3 h5 41. h4 Kf7 42. Kf1 Be7 43. Bd2 Qd7 44. Ke2 Qd8 45. Ra8 Rb8 46. Rxb8 Qxb8 47. Ra2 Rb1 48. Qc2 Qb3 49. Be1 Qb5 50. Bd2 Rb3 51. Qc1 Qb8 52. Be1 Kf6 53. Bd2 Rb1 54. Qc2 Qb3 55. Be1 Qb5 56. Bd2 Qb7 57. Bc1 Rb3 58. Ra4 Qb5 59. Ra2 Bd6 60. Kd2 Qd7 61. Ra8 Rb8 62. Rxb8 Bxb8 63. Ba3 Bd6 64. Qa2 Bxa3 65. Qxa3 Kf7 66. Kc2 Qb7 67. Kc1 Qb8 68. Kc2 Qc7 69. Kd2 Qb7 70. Kc2 Ke8 71. Qa4+ Ke7 72. Qa3+ Kd7 73. Qa4+ Ke7 74. Qa3+ 1/2-1/2

[Event "Olympiad-41"]
[Site "Tromsoe"]
[Date "2014.08.08"]
[Round "6.3"]
[White "Gajadin, Dewperkash"]
[Black "Beinoras, Mindaugas"]
[Result "1/2-1/2"]
[WhiteElo "2087"]
[BlackElo "2402"]
[PlyCount "98"]
[EventDate "2014.08.02"]
[EventType "team-swiss"]
[EventRounds "11"]
[EventCountry "NOR"]
[SourceTitle "CBM 162"]
[Source "ChessBase"]
[SourceDate "2014.09.17"]
[SourceVersion "1"]
[SourceVersionDate "2014.09.17"]
[SourceQuality "1"]
[WhiteTeam "Surinam"]
[BlackTeam "Lithuania"]
[WhiteTeamCountry "SUR"]
[BlackTeamCountry "LTU"]

1. e4 d6 2. d4 Nf6 3. Nc3 c6 4. f4 Qa5 5. Bd3 e5 6. Nf3 Bg4 7. dxe5 dxe5 8. h3 Bxf3 9. Qxf3 Nbd7 10. 0-0 exf4 11. Bxf4 Ne5 12. Qe2 Nfd7 13. Kh1 g6 14. Nd1 Bg7 15. Ne3 0-0 16. Ng4 Nxg4 17. Qxg4 Ne5 18. Qg5 h6 19. Qg3 Rad8 20. b4 Qc7 21. Rab1 Qe7 22. Qe3 Kh7 23. Be2 b6 24. a3 Qe6 25. Rbd1 Rfe8 26. Bxe5 Bxe5 27. Qf3 Kg7 28. Qg4 Qe7 29. Rxd8 Rxd8 30. Bc4 f6 31. Rd1 Rxd1+ 32. Qxd1 h5 33. Qf3 b5 34. Be2 h4 35. Kg1 Qd6 36. Qd3 Bd4+ 37. Kf1 Qe5 38. Bf3 Kf8 39. c4 a6 40. cxb5 axb5 41. Qd2 g5 42. Qd3 Ke7 43. Ke2 Bb6 44. Bg4 Qb2+ 45. Kd1 Bd4 46. e5 Qa1+ 47. Ke2 Qa2+ 48. Kd1 Qa1+ 49. Ke2 Qa2+ 1/2-1/2

[Event "SUR-ch"]
[Site "Paramaribo"]
[Date "2014.03.04"]
[Round "7"]
[White "Veer, Willem"]
[Black "Gajadin, Dewperkash"]
[Result "0-1"]
[WhiteElo "1892"]
[BlackElo "2096"]
[PlyCount "64"]
[EventDate "2014.02.16"]
[EventType "tourn"]
[EventRounds "13"]
[EventCountry "SUR"]
[SourceTitle "EXT 2018"]
[Source "ChessBase"]
[SourceDate "2017.10.13"]
[SourceVersion "1"]
[SourceVersionDate "2017.10.13"]
[SourceQuality "1"]

1. d4 Nf6 2. c4 e6 3. Nc3 d5 4. e3 Be7 5. Nf3 0-0 6. Qc2 c5 7. b3 Nc6 8. dxc5 Bxc5 9. a3 d4 10. Ne4 Nxe4 11. Qxe4 f5 12. Qc2 dxe3 13. fxe3 Qf6 14. Rb1 a5 15. Bb2 Qh6 16. Bc1 Bxe3 17. Be2 e5 18. Bxe3 Qxe3 19. Qd2 Qxd2+ 20. Nxd2 Be6 21. 0-0 Rad8 22. Nf3 h6 23. Rfd1 e4 24. Ne1 Nd4 25. Bf1 f4 26. Rdc1 g5 27. Rb2 g4 28. b4 a4 29. Rc3 h5 30. g3 f3 31. Kf2 Nf5 32. Nc2 Rd2+ 0-1

[Event "SUR-ch"]
[Site "Paramaribo"]
[Date "2014.02.26"]
[Round "5"]
[White "Hanoeman, Suradj"]
[Black "Gajadin, Dewperkash"]
[Result "1/2-1/2"]
[WhiteElo "2030"]
[BlackElo "2096"]
[PlyCount "40"]
[EventDate "2014.02.16"]
[EventType "tourn"]
[EventRounds "13"]
[EventCountry "SUR"]
[SourceTitle "EXT 2018"]
[Source "ChessBase"]
[SourceDate "2017.10.13"]
[SourceVersion "1"]
[SourceVersionDate "2017.10.13"]
[SourceQuality "1"]

1. d4 Nf6 2. c4 e6 3. Nf3 b6 4. a3 Bb7 5. Nc3 d5 6. cxd5 Nxd5 7. Qc2 Be7 8. e4 Nxc3 9. bxc3 Nd7 10. Bd3 c5 11. 0-0 0-0 12. Bb2 Rc8 13. Qe2 Qc7 14. Rfd1 Rfd8 15. Nd2 Qf4 16. Bc1 cxd4 17. Nf3 Qc7 18. cxd4 Qc3 19. Bd2 Qc7 20. Bc1 Qc3 1/2-1/2

[Event "SUR-ch"]
[Site "Paramaribo"]
[Date "2014.02.19"]
[Round "3"]
[White "Sanches, Casanova Romario"]
[Black "Gajadin, Dewperkash"]
[Result "1-0"]
[WhiteElo "2064"]
[BlackElo "2096"]
[PlyCount "99"]
[EventDate "2014.02.16"]
[EventType "tourn"]
[EventRounds "13"]
[EventCountry "SUR"]
[SourceTitle "EXT 2018"]
[Source "ChessBase"]
[SourceDate "2017.10.13"]
[SourceVersion "1"]
[SourceVersionDate "2017.10.13"]
[SourceQuality "1"]

1. d4 Nf6 2. c4 e6 3. Nc3 d5 4. cxd5 exd5 5. Bg5 Be7 6. Qc2 h6 7. Bh4 0-0 8. e3 Nbd7 9. Nf3 c6 10. Bd3 Re8 11. 0-0 Ne4 12. Bg3 Ng5 13. Nxd5 Nxf3+ 14. gxf3 Bh4 15. Nc3 Nf8 16. Rfe1 Qf6 17. f4 Bg4 18. Be2 Bh3 19. Bf1 Bxf1 20. Kxf1 Rad8 21. Rad1 Nh7 22. Ne4 Qe7 23. Nd2 Qd7 24. Kg2 Qd5+ 25. e4 Qh5 26. Nf3 g5 27. f5 Bxg3 28. hxg3 g4 29. Nh4 Ng5 30. Re3 c5 31. dxc5 Nf3 32. Nxf3 Qh3+ 33. Kg1 gxf3 34. Rxf3 Rxd1+ 35. Qxd1 Rxe4 36. f6 Qh5 37. Kg2 Qxc5 38. Qd8+ Qf8 39. Qd5 Qe8 40. Qxb7 Re1 41. Rc3 Kh7 42. Rc8 Qe6 43. Rc7 Qe2 44. Rxf7+ Kg6 45. Rg7+ Kxf6 46. Qf7+ Ke5 47. Qf4+ Ke6 48. Qxh6+ Kd5 49. Rd7+ Kc5 50. Qd6+ 1-0

[Event "Paramaribo Srefidensi 1st"]
[Site "Paramaribo"]
[Date "2013.11.23"]
[Round "6"]
[White "Sanches, Casanova Romario"]
[Black "Gajadin, Dewperkash"]
[Result "1-0"]
[WhiteElo "2037"]
[BlackElo "2138"]
[PlyCount "69"]
[EventDate "2013.11.20"]
[EventType "tourn"]
[EventRounds "9"]
[EventCountry "SUR"]
[EventCategory "1"]
[SourceTitle "CBM 157 Extra"]
[Source "ChessBase"]
[SourceDate "2013.12.19"]
[SourceVersion "1"]
[SourceVersionDate "2013.12.19"]
[SourceQuality "1"]

1. Nf3 Nf6 2. g3 b6 3. Bg2 Bb7 4. 0-0 e6 5. c4 c5 6. Nc3 Be7 7. a3 0-0 8. d3 Nc6 9. Rb1 d5 10. cxd5 exd5 11. d4 Re8 12. Re1 Ne4 13. e3 Bf6 14. Ne2 c4 15. Nd2 Nxd2 16. Bxd2 Qd7 17. Nf4 Ne7 18. Bh3 Qc7 19. Rc1 b5 20. Nh5 Bg5 21. f4 Bh6 22. g4 Qb6 23. g5 Qg6 24. Ng3 Bxg5 25. fxg5 Qxg5 26. e4 Qh4 27. Qg4 Ng6 28. e5 Bc8 29. Qxh4 Nxh4 30. Bg2 Be6 31. Bh1 h6 32. Rf1 Rad8 33. Rf4 g5 34. Rf2 Bg4 35. Bg2 1-0

[Event "Paramaribo Srefidensi 1st"]
[Site "Paramaribo"]
[Date "2013.11.21"]
[Round "2"]
[White "Gajadin, Dewperkash"]
[Black "Vilela de Acuna, Jose Luis"]
[Result "0-1"]
[WhiteElo "2138"]
[BlackElo "2323"]
[PlyCount "84"]
[EventDate "2013.11.20"]
[EventType "tourn"]
[EventRounds "9"]
[EventCountry "SUR"]
[EventCategory "1"]
[SourceTitle "CBM 157 Extra"]
[Source "ChessBase"]
[SourceDate "2013.12.19"]
[SourceVersion "1"]
[SourceVersionDate "2013.12.19"]
[SourceQuality "1"]

1. e4 c5 2. Nf3 e6 3. d4 cxd4 4. Nxd4 a6 5. c4 Nf6 6. Bd3 Qc7 7. 0-0 Bd6 8. h3 Bf4 9. Nc3 Nc6 10. Nce2 Bxc1 11. Rxc1 d6 12. Bb1 0-0 13. Qd2 Rd8 14. Rfd1 Bd7 15. Nf3 Be8 16. Ned4 Ne5 17. b3 Rac8 18. Qe3 Nxf3+ 19. Nxf3 e5 20. Nh4 Bd7 21. Nf5 Bxf5 22. exf5 Qc5 23. Qf3 b5 24. g4 d5 25. g5 Ne8 26. h4 dxc4 27. h5 Rd4 28. g6 Nf6 29. Qb7 Rf8 30. bxc4 bxc4 31. Rxd4 Qxd4 32. Qxa6 Ng4 33. gxf7+ Kh8 34. Rc2 Qd1+ 35. Kg2 Qxb1 36. Qxc4 Qb7+ 37. Kg3 Nf6 38. h6 gxh6 39. Qe6 Qxf7 40. Qxe5 Qg7+ 41. Kf3 Qg4+ 42. Ke3 Re8 0-1

[Event "Olympiad-40"]
[Site "Istanbul"]
[Date "2012.09.04"]
[Round "7.1"]
[White "Eichab, Charles Sidney"]
[Black "Gajadin, Dewperkash"]
[Result "1-0"]
[WhiteElo "2034"]
[BlackElo "2185"]
[PlyCount "95"]
[EventDate "2012.08.28"]
[EventType "team-swiss"]
[EventRounds "11"]
[EventCountry "TUR"]
[SourceTitle "CBM 151"]
[Source "ChessBase"]
[SourceDate "2012.11.13"]
[SourceVersion "1"]
[SourceVersionDate "2012.11.13"]
[SourceQuality "1"]
[WhiteTeam "Namibia"]
[BlackTeam "Surinam"]
[WhiteTeamCountry "NAM"]
[BlackTeamCountry "SUR"]

1. e4 e5 2. Nf3 Nc6 3. Bc4 Nf6 4. Ng5 d5 5. exd5 Na5 6. Bb5+ c6 7. dxc6 bxc6 8. Qf3 Rb8 9. Ba4 Be7 10. 0-0 0-0 11. d3 c5 12. Nc3 Rb4 13. a3 Rb6 14. b3 Ng4 15. Nge4 f5 16. Ng3 Bb7 17. Qe2 Qd4 18. Bb2 Nxh2 19. Rfe1 Qh4 20. Qh5 Qxh5 21. Nxh5 Ng4 22. f3 Nf6 23. Rxe5 Nxh5 24. Rxe7 Rg6 25. Kf2 Nf4 26. Rg1 Rf7 27. Re8+ Rf8 28. Re5 Nc6 29. Bxc6 Rxc6 30. Nd5 Ng6 31. Ne7+ Nxe7 32. Rxe7 Rf7 33. Rge1 Rc7 34. Re8+ Rf8 35. R1e7 Rxe8 36. Rxc7 Bc8 37. Rxg7+ Kf8 38. Rxh7 a6 39. Rc7 c4 40. Rxc4 Kf7 41. Rc7+ Ke6 42. c4 Bd7 43. d4 Kd6 44. Ra7 Bc8 45. Bc1 Kc6 46. Bf4 Rh8 47. Be5 Rh1 48. Rc7+ 1-0

[Event "Olympiad-40"]
[Site "Istanbul"]
[Date "2012.09.03"]
[Round "6.2"]
[White "Mensing, Fabio"]
[Black "Gajadin, Dewperkash"]
[Result "1-0"]
[WhiteElo "2088"]
[BlackElo "2185"]
[PlyCount "125"]
[EventDate "2012.08.28"]
[EventType "team-swiss"]
[EventRounds "11"]
[EventCountry "TUR"]
[SourceTitle "CBM 151"]
[Source "ChessBase"]
[SourceDate "2012.11.13"]
[SourceVersion "1"]
[SourceVersionDate "2012.11.13"]
[SourceQuality "1"]
[WhiteTeam "Netherlands Antilles"]
[BlackTeam "Surinam"]
[WhiteTeamCountry "AHO"]
[BlackTeamCountry "SUR"]

1. d4 Nf6 2. c4 e6 3. Nf3 b6 4. g3 Ba6 5. Nbd2 Bb7 6. Bg2 Be7 7. Qc2 d5 8. 0-0 0-0 9. cxd5 exd5 10. Ne5 c5 11. dxc5 bxc5 12. Rd1 Qc7 13. Ndf3 Bd6 14. Nd3 Nbd7 15. Bf4 Rfe8 16. Bxd6 Qxd6 17. Nf4 Qe7 18. Rac1 Rac8 19. Bh3 Rc7 20. Nd4 g6 21. Nb5 Rc6 22. Nxa7 Ra6 23. Nb5 g5 24. Nd3 c4 25. Ne1 Ne5 26. a3 Rb6 27. Nd4 Bc8 28. Bg2 Rd8 29. Nef3 g4 30. Nh4 Ng6 31. Nhf5 Qe5 32. Ne3 Re8 33. a4 Ne7 34. a5 Ra6 35. Ra1 Bd7 36. Ra3 Rb8 37. b3 cxb3 38. Nxb3 Rba8 39. Nc5 Rxa5 40. Rxa5 Rxa5 41. Nxd7 Nxd7 42. Nxg4 Qe6 43. Qd2 Ra6 44. Ne3 Nf6 45. Bf3 Rd6 46. Qb2 Kg7 47. Ng2 Rb6 48. Qd4 Nf5 49. Qd3 d4 50. Nf4 Qd7 51. e4 dxe3 52. Qxd7 exf2+ 53. Kxf2 Nxd7 54. Rxd7 Rb2+ 55. Be2 Kf6 56. Kf3 Rb3+ 57. Rd3 Rb2 58. Rd8 Rb3+ 59. Bd3 h6 60. Rd5 Ne7 61. Rd6+ Kg7 62. Kg4 Ng8 63. Nh5+ 1-0

[Event "SUR-ch"]
[Site "Paramaribo"]
[Date "2012.04.04"]
[Round "13"]
[White "Naipal, Ekaterina"]
[Black "Gajadin, Dewperkash"]
[Result "0-1"]
[WhiteElo "1821"]
[BlackElo "2185"]
[PlyCount "52"]
[EventDate "2012.03.14"]
[EventType "tourn"]
[EventRounds "13"]
[EventCountry "SUR"]
[SourceTitle "EXT 2013"]
[Source "ChessBase"]
[SourceDate "2012.11.22"]
[SourceVersion "1"]
[SourceVersionDate "2012.11.22"]
[SourceQuality "1"]

1. Nf3 Nf6 2. g3 g6 3. Bg2 Bg7 4. d4 d5 5. c4 c6 6. Nc3 0-0 7. 0-0 Nbd7 8. Bf4 dxc4 9. Rc1 Nd5 10. Bg5 h6 11. Bf4 Nxf4 12. gxf4 b5 13. a4 a6 14. d5 Bb7 15. dxc6 Bxc6 16. axb5 axb5 17. b3 Ra3 18. Nd4 Bxg2 19. Kxg2 Bxd4 20. Qxd4 Rxb3 21. Rb1 Qa5 22. Nd5 Qd8 23. Rxb3 cxb3 24. Rb1 Nb6 25. Nxe7+ Qxe7 26. Qxb6 Qe4+ 0-1

[Event "SUR-ch"]
[Site "Paramaribo"]
[Date "2012.03.16"]
[Round "2"]
[White "Gajadin, Dewperkash"]
[Black "Sanches, Casanova Romario"]
[Result "0-1"]
[WhiteElo "2185"]
[BlackElo "1997"]
[PlyCount "76"]
[EventDate "2012.03.14"]
[EventType "tourn"]
[EventRounds "13"]
[EventCountry "SUR"]
[SourceTitle "EXT 2013"]
[Source "ChessBase"]
[SourceDate "2012.11.22"]
[SourceVersion "1"]
[SourceVersionDate "2012.11.22"]
[SourceQuality "1"]

1. Nf3 Nf6 2. g3 g6 3. Bg2 Bg7 4. 0-0 0-0 5. c4 d6 6. Nc3 e5 7. d4 Nc6 8. dxe5 dxe5 9. Qa4 h6 10. Rd1 Qe7 11. Nd5 Nxd5 12. cxd5 Nb8 13. Be3 Na6 14. Rac1 f5 15. a3 g5 16. Qc4 Kh8 17. b4 f4 18. Bd2 c6 19. dxc6 Be6 20. Qb5 Nc7 21. Nxe5 Qf6 22. Qxb7 fxg3 23. fxg3 Qf2+ 24. Kh1 Bxe5 25. Bc3 Bxc3 26. Rxc3 Qxe2 27. Rg1 Qe5 28. Rc5 Qd6 29. Ra5 Rfb8 30. Rxa7 Rxb7 31. Rxa8+ Nxa8 32. cxb7 Nb6 33. Re1 Nd7 34. Bf3 Kg7 35. Rd1 Qb6 36. Kg2 Ne5 37. Be4 Ng4 38. Rc1 Qf2+ 0-1

[Event "SUR-ch"]
[Site "Paramaribo"]
[Date "2011.03.13"]
[Round "11"]
[White "Tjong Tjin, Joe Calvin"]
[Black "Gajadin, Dewperkash"]
[Result "1/2-1/2"]
[WhiteElo "1885"]
[BlackElo "2200"]
[PlyCount "57"]
[EventDate "2011.02.18"]
[EventType "tourn"]
[EventRounds "13"]
[EventCountry "SUR"]
[SourceTitle "EXT 2013"]
[Source "ChessBase"]
[SourceDate "2012.11.22"]
[SourceVersion "1"]
[SourceVersionDate "2012.11.22"]
[SourceQuality "1"]

1. e4 e5 2. d4 exd4 3. Qxd4 Nc6 4. Qe3 Nf6 5. Nc3 Bb4 6. Bd2 0-0 7. 0-0-0 d6 8. f3 Be6 9. g4 a5 10. a3 Bc5 11. Qe1 Qe7 12. g5 Nd7 13. h4 Nb6 14. Bd3 Ne5 15. Be3 Bxe3+ 16. Qxe3 Nec4 17. Qe2 Ne5 18. Nh3 c5 19. Bb5 a4 20. Nf4 Bd7 21. Nfd5 Qd8 22. Bxd7 Nbxd7 23. Ne3 Nc6 24. Nb5 f6 25. Rxd6 Qe7 26. Qc4+ Kh8 27. Re6 Qf7 28. Nd6 Qh5 29. Qf1 1/2-1/2